00667nam a2200241 a 4500001001300000003000900013005001700022008004100039020001000080082001300090100001800103245002900121260003300150300000900183500003500192505002400227650001300251700001800264902000800282942000700290952011300297999001500410nice12345678IN_TiNIC20260116011510.0050524s1967 cola grp 000 0 eng  ac10000a230bROB aRobinson, T A aBut That I Can`t Beleive aCollinsbFantana Booksc1967 a127p aincludes index and biblioraphy2 aIndex, Bibliography aTheology1 aRobinson, T A bSRS cBK 001040708StackRoom-aHMIbHMId2007-06-12g100.00l0o230 ROBp03611r2007-06-12v100.00w2005-05-24yBK c2055d2055